Devine la sculpture - Statistiques

Statistiques générales
  • Ce quiz a été pris 171 fois
  • Le résultat moyen est 7 sur 16
Statistiques - réponses
Par images Hint Réponse % Correct
Rodin, 1880 Le Penseur
91%
Michel-Ange, 1501-1504 David
87%
époque hellénistique, env. -150 à -130 Vénus de Milo
85%
Edvard Eriksen, 1913 La petite sirène
80%
Jérôme Duquesnoy l'Ancien, 1619-1620 Manneken-Pis
70%
copie romaine, IIè siècle Diane chasseresse ou Diane de Versailles
68%
époque hellénistique, env. -200 à -185 La Victoire de Samothrace
49%
Rodin, 1881 Le Baiser
40%
Michel-Ange, 1498-1499 Pietà
39%
Benvenuto Cellini, 1545-1554 Persée tenant la tête de Méduse
37%
Le Bernin, 1622-1625 Apollon et Daphné
23%
oeuvre romaine, env. - 40 Groupe du Laocoon
23%
copie romaine, IIè siècle Hermaphrodite endormi
18%
Le Bernin, 1621-1622 L'enlèvement de Proserpine
18%
Giambologna, 1579-1583 L'enlevement des Sabines
12%
Antonio Canova, 1787-1793 Psyché ranimée par le baiser de l'Amour
7%
Aucun quiz correspondant
Distribution des résultats
% des personnes avec chaque résultat
Percentile par nombre de réponses
Votre historique - résultats
Vous n’avez pas pris ce quiz